| 000 | 00771nam a2200265 a 4500 | ||
|---|---|---|---|
| 001 | 000039054 | ||
| 003 | 000039054 | ||
| 005 | 20180510122428.0 | ||
| 008 | 090917s2009 dr a 000 0 spa d | ||
| 020 | _a9789945460315 | ||
| 040 |
_aBPMSU _bspa _cBPMSU |
||
| 082 | 4 |
_a843 _bD886d |
|
| 100 | 1 |
_aDumas, Alejandro, _d1824-1895 |
|
| 245 | 1 | 3 |
_aLa dama de las camelias / _cAlejandro Dumas. |
| 260 |
_aSanto Domingo : _bSantuario, _c2009. |
||
| 300 |
_a236 p. ; _c23 cm. |
||
| 490 |
_aSantuario infantil _v80 |
||
| 650 | 4 | _aNOVELA FRANCESA | |
| 650 | 4 | _aLITERATURA FRANCESA | |
| 830 |
_lSantuario infantil ; _v80 |
||
| 942 |
_2ddc _cBK |
||
| 945 | _aInventariado, 2018/MFF | ||
| 956 |
_aVMATEO _b10 _c20130527 _lBPMSU _h0069 |
||
| 956 | _aValidado. Control de calidad MFF | ||
| 999 |
_c7182 _d7182 |
||